| 000 | 01032nam a2200325Ia 4500 | ||
|---|---|---|---|
| 003 | OSt | ||
| 005 | 20221007121847.0 | ||
| 006 | a|||||r|||| 00| 0 | ||
| 007 | ta | ||
| 008 | 221006b |||||||| |||| 00| 0 eng d | ||
| 020 | _a0824742885 (hbd) | ||
| 024 | _a1818 | ||
| 037 | _cTextual | ||
| 040 |
_aBDL _cBDL _beng |
||
| 041 |
_2eng _aeng |
||
| 082 | _aa494g, P3 Carb | ||
| 100 | _aMauch James E. | ||
| 245 | 0 |
_aGuide to the successful thesis and dissertation: A handbook for students and faculty _b Park Namgi |
|
| 250 | _aEd. 5 | ||
| 260 |
_aNew _bYork Marcel Dekker _c2003 |
||
| 300 |
_axxi, 330p. _ccm. |
||
| 490 | _aA series of monographs and textbooks | ||
| 500 | _aAppendix A-B, 303-314p.; Bibliographical references 315-326p; Index 327-330p | ||
| 650 |
_a Dissertation _9713059 |
||
| 650 |
_a Handbook _9279951 |
||
| 650 |
_aThesis _9713060 |
||
| 700 |
_a Park Namgi _9144015 |
||
| 942 |
_ha494g, P3 Carb _cTEXL _2CC |
||
| 999 |
_c1209454 _d1209454 |
||